Citez les 12 villes avec le plus d'habitants dans le Tarn - Statistiques

Statistiques générales
  • Ce quiz a été pris 67 fois
  • Le résultat moyen est 6 sur 12
Statistiques - réponses
Hab. Réponse % Correct
42672 Castres
96%
49714 Albi
94%
15663 Gaillac
77%
13166 Graulhet
65%
10064 Mazamet
63%
9898 Carmaux
60%
10830 Lavaur
56%
6600 Saint-Juéry
33%
5775 Rabastens
29%
9576 Saint-Sulpice-la-Pointe
23%
6538 Labruguière
13%
5706 Aussillon : 5 706 hab.
0%
Aucun quiz correspondant
Distribution des résultats
% des personnes avec chaque résultat
Percentile par nombre de réponses
Votre historique - résultats
Vous n’avez pas pris ce quiz